000 01040nam a22002897a 4500
001 8701
003 FISKH
005 20251013104143.0
008 251013b cb ||||| |||| 00| 0 eng d
020 _a9789995001025
040 _aFISKH
_bkhr
_cFISKH
_dFISKH
050 _aPZ7
082 _a722.409596
100 _aSotheary , Kimsun
245 _aប្រាសាទអង្គរវត្ត​ :
_bAngkor Wat temple /
_cអ្នកស្រី គឹមស៊ុន សុធារី , លោក វ៉ាន់ សុភ័ក្រ្ត និង កញ្ញា ហេង ចរិយា​
260 _aPhnom Penh :
_bReading Books,
_c2010.
300 _a36 pages :
_bcolor illustrations ;
_c25 cm .
490 _aពិភពរឿងនិទាន
505 _aR
521 8 _a700
_bLexile estimate
521 8 _aR
_bRaz-Plus
650 _aប្រាសាទអង្គរវត្ត​
650 _aAngkor Wat temple
700 _aSan, Thai
942 _2ddc
_cKHB
_n0
999 _c8701
_d8701